Alphabetical 1-100 Quiz Stats

 Plays Quiz Updated Nov 5, 2018

Score 0/100 Timer 06:00
3 Plays Today
# Number % Correct
1st8
99.5%
2nd18
82.3%
3rd80
79.4%
4th88
77.6%
5th85
75.8%
6th84
75.6%
7th89
74.9%
8th81
74.6%
9th87
74.3%
10th86
74.1%
11th83
73.9%
12th82
73.6%
13th11
54.6%
15th50
53.1%
14th15
53%
17th55
52.9%
16th58
52.9%
18th54
52.8%
19th59
52.7%
20th51
52.7%
21st57
52.6%
22nd56
52.5%
23rd53
52.4%
24th52
52.4%
25th5
48.8%
26th40
47.8%
27th48
47.6%
28th45
47.5%
29th44
47.4%
30th49
47.2%
31st41
47.1%
32nd47
47%
33rd46
47%
34th43
46.9%
# Number % Correct
35th42
46.8%
36th4
45.8%
37th14
43.1%
38th9
42.8%
40th90
42.4%
39th19
42.4%
41st98
42.3%
42nd95
42.1%
43rd94
42%
44th99
41.9%
45th91
41.7%
46th97
41.6%
47th96
41.5%
48th93
41.3%
49th92
41.2%
50th1
40.3%
52nd7
35.8%
53rd17
35.5%
54th70
35.3%
55th78
35.1%
56th75
34.9%
57th74
34.8%
58th79
34.6%
59th71
34.4%
51st100
34.2%
60th77
34.2%
61st76
34%
62nd73
33.8%
63rd72
33.7%
64th6
33.1%
65th16
32.7%
66th60
32.5%
67th68
32.3%
68th65
32%
# Number % Correct
69th64
31.8%
70th69
31.6%
71st61
31.3%
72nd67
31.1%
73rd66
30.9%
74th63
30.7%
75th62
30.6%
77th13
21.6%
78th30
21.5%
79th38
21.2%
80th35
21%
81st34
20.9%
82nd39
20.7%
83rd31
20.6%
84th37
20.4%
85th36
20.3%
86th33
20.1%
87th32
20%
88th3
18.6%
90th20
18.4%
91st28
18.2%
89th12
18%
92nd25
18%
93rd24
17.9%
76th10
17.9%
94th29
17.7%
95th21
17.6%
100th2
17.5%
96th27
17.5%
97th26
17.4%
99th22
17.4%
98th23
17.3%

You're not logged in!

Compare scores with friends on all Sporcle quizzes.
OR
Log In

Sporcle TV

Today on Sporcle TV


Watch our educational content, quiz creation guides, and fun videos on Sporcle TV.

Show Comments

Extras

Top Quizzes Today


Score Distribution

Your Account Isn't Verified!

In order to create a playlist on Sporcle, you need to verify the email address you used during registration. Go to your Sporcle Settings to finish the process.

Report this User

Report this user for behavior that violates our Community Guidelines.

Details: